|
|
|
|
| LEADER |
00000nab a2200000 a 4500 |
| 001 |
vtls000861786 |
| 003 |
SK-MaSNL |
| 005 |
20260304030722.0 |
| 008 |
141122c2003 xo 0 cze |
| 015 |
|
|
|a SNBRB2004/02-04875
|
| 035 |
|
|
|a CLN000213376
|
| 040 |
|
|
|a SNKBUCL
|b slo
|c SNKBUCL
|e AACR2
|
| 041 |
0 |
|
|a cze
|
| 044 |
|
|
|a xo
|c SK
|
| 080 |
|
|
|a 616.2-002-06:616.992(048.3)
|2 1997
|
| 100 |
1 |
|
|a Jandová, Božena
|4 aut
|9 1309536
|
| 245 |
1 |
0 |
|a Kvasinky způsobujíci onemocnění horních cest dýchacích
|c Božena Jandová
|
| 650 |
0 |
7 |
|a infekcie dýchacieho systému
|x komplikácie
|x mikrobiológia
|2 MESH
|9 1309537
|
| 650 |
0 |
7 |
|a abstrakty
|2 MESH
|9 90504
|
| 650 |
0 |
7 |
|a kvasinky
|2 MESH
|9 16201
|
| 655 |
|
7 |
|a články z novín a časopisov
|2 snkbucl
|9 267496
|
| 773 |
0 |
|
|t Správy klinickej mikrobiológie
|g Roč. 3, supl. B (2003), s. 29
|x 1335-8219
|
| 850 |
|
|
|a Slovenská národná knižnica v Martine
|
| 852 |
|
|
|a SNK
|b KIS3GCP
|
| 958 |
|
|
|a MI
|
| 999 |
|
|
|c 2634921
|d 2636851
|